Normal view
MARC view
Entry Topical Term
001 - CONTROL NUMBER
- control field: 11631
003 - CONTROL NUMBER IDENTIFIER
- control field: OSt
005 - DATE AND TIME OF LATEST TRANSACTION
- control field: 20211105133417.0
008 - FIXED-LENGTH DATA ELEMENTS
- fixed length control field: 211105|| aca||aabn | a|a d
040 ## - CATALOGING SOURCE
- Original cataloging agency: OSt
- Transcribing agency: OSt
150 ## - HEADING--TOPICAL TERM
- Topical term or geographic name entry element: Directories, Yearbooks, Yearbook-Who's who
670 ## - SOURCE DATA FOUND
- Source citation: Work cat.: (OSt): The Times of India Directory & Yearbook, 1981